000 00655nam a22001817a 4500
005 20251108164322.0
008 250721s1983 xx 000 0 ara d
082 1 4 _a418.24/أحم
100 1 _aشلبي، أحمد
245 1 0 _aتعليم اللغة العربية لغير العرب - هجاء - مطالعة - إملاء - خط - تعبير - محفوظات - قواعد - مع أسئلة و تمرينات مفيدة /
250 _aط3.
264 1 _aالقاهرة :
_bمكتبة النهضة المصرية،
_c1983.
300 _a230ص
650 1 7 _aاللغة العربية
650 1 7 _aالتعلم
942 _2ddc
_cBK
999 _c9189
_d9189